|
|
|
|
| LEADER |
00000nkmaa2200000 a 4500 |
| 001 |
vtls010629574 |
| 003 |
SK-MaSNL |
| 005 |
20260425223813.0 |
| 007 |
kf bo |
| 008 |
231204s1930 hu ||00 k|slo |
| 015 |
|
|
|a SNBG1930
|
| 035 |
|
|
|a C82C9A94-733D-465F-9CF6-8E196A11F175
|
| 035 |
|
|
|a urn:nbn:sk:snk-kmxw6y
|
| 035 |
|
|
|a urn:nbn:sk:snk-km001q43
|
| 040 |
|
|
|a SNKLA
|b slo
|c SNKLA
|e AACR2
|
| 041 |
0 |
|
|a slo
|
| 044 |
|
|
|a hu
|c HU
|
| 245 |
0 |
0 |
|a Bratislava
|h [grafika]
|
| 260 |
|
|
|a [Budapest]
|b Knopfmacher J. Odobrani
|c 1930
|
| 300 |
|
|
|a 1 pohľadnica
|b čb
|c 10x15 cm
|
| 610 |
2 |
7 |
|a Bratislavský hrad
|2 SNKKA
|9 63101
|
| 651 |
|
7 |
|a Bratislava (Slovensko)
|2 SNKPH
|9 14568
|
| 651 |
|
7 |
|a Slovensko
|2 SNKPH
|9 14231
|
| 655 |
|
7 |
|a geografické pohľadnice
|2 SNKPH
|9 70522
|
| 958 |
|
|
|a BLA
|
| 999 |
|
|
|c 596035
|d 597965
|
| 952 |
|
|
|a SNKLA
|b SNKLA
|c SNKLA_DEP
|y NEVYP
|7 0
|p 17A1006184
|o snkPB 100/99
|i snkLA 4785/1960
|0 0
|1 0
|4 0
|d 2014-10-21
|f 1
|l 0
|r 2026-02-23 15:38:49
|w 2026-02-23
|